00820nam a2200205Ia 4500003000900000008004100009020001800050040001600068080002000084100003000104245022300134260004500357300001800402650002300420650002300443700002700466942000700493999001700500952009700517IN-BaIIA211028s9999 xx 000 0 eng d a92-9092-323-7 cIIA Library a524.382bESA-II ala Dous, Constanze919098 0aIUE-ULDA access guide no. 5bpt. 1, international ultraviolet explorer -uniform low dispersion archive chromosphrically active binary starscConstanze la Dous and Alvaro Gimenez  aNetherlandsbEuropean Space Agencyc1995 axx, 222-335p. aBinary stars91185 aChromosphere95508 aGimenez, Alvaro919864 cBK c11511d11511 00104070aBANbBANcGENd1995-10-11l0o524.382/ ESA-IIp12426r2021-11-05w1995-10-11yBK